000 01079nam a22002537a 4500
005 20170124103159.0
010 _aB-176876
020 _c00.00
035 _aB-176876
037 _bCen Lib/Ret
040 _aDPL
_bHN
082 _a320.954
_bरायश
100 _aराय, शिव शंकर
_991160
245 _aभारतीय लोकतंत्र पर सामूहिक बलात्कार /
_cशिव शंकर राय
246 _aBhartiya loktantr par samuhik balatkar /
_bby Shiv Shankar Raye
260 _aपटना
_bजानकी प्रकाशन
_c2005
270 _bपटना
_aअशोक राजपथ, चौहट्टा
_e800004
300 _a274पृ.
_c21सेमी(सजिल्द )
650 _aलोकतंत्र--भारत
_x
_z
_991161
650 _aलोकतंत्र--बिहार(भारत)
_93419
650 _aDemocracy - (India)
_95684
650 _aDemocracy - Bihar (India)
_991162
942 _2ddc
_cHN
_h320.954
_mरायश
999 _c120549
_d120549